000 00739nam a2200229 i 4500
001 bg
100 1 _aSMÓŁKA, Aleksander
245 1 0 _aĆwiczenia laboratoryjne z fizyki /
_cAleksander Smółka, Ryszard Kowalczyk. Cz.2.
260 _aOpole :
_bWSI,
_c1995.
300 _a123 s. :
_brys., wykr. ;
_c24 cm.
490 1 _aSkrypt Uczelniany / Wyższa Szkoła Inżynierska w Opolu,
_x0860-9004 ;
_vnr 172
504 _aBibliogr. s. 123.
650 9 _aFizyka
655 _aĆwiczenia i zadania
700 1 _aKOWALCZYK, Ryszard
830 0 _aSkrypt Uczelniany (Wyższa Szkoła Inżynierska w Opolu) ;
_vnr 172
040 _cBPK
041 _apol
080 _a53(075.8)(076)
942 _cKS
008 s pl f |000 0 pol
999 _c6905
_d6905
856 _uhttp://koha.tu.koszalin.pl/cgi-bin/koha/opac-detail.pl?biblionumber=6905
_yKatalog online BPK